000 00602nam a22001937a 4500
003 MPLRDC
005 20220104165737.0
008 210129b ||||| |||| 00| 0 eng d
020 _a978-0-88080-001-3
082 _a785.28 FRA-2
100 _aANDREW M. ALLISON, W. CLEON SKOUSEN, M. RICHARD MAXFIELD
245 _aTHE REAL BENJAMIN FRANKLIN
_c
250 _a7TH ED.
260 _aU.S.A.
_bNATIONAL CENTER FOR CONSTITUTIONAL STUDIES
_c2009
300 _b504
490 _aVOL. 2 OF THE AMERICAN CLASSIC SERIES
650 _aBIOGRAPHIES OF AMERICAN--BENJAMIN FRANKLIN
942 _cBK
_o785.28 FRA-2
999 _c57583
_d57573